• 首页
  • 本馆介绍
  • 公告通知
  • 最新文献
  • 馆藏检索
  • 电子资源
  • 读者导购
  • 参考咨询
  • 我的图书馆
  • 登录
  • 详细信息显示
  • 放入我的书架
  • 预约/预借图书
  • 作者相关作品
  • 分类相关作品
  • 丛书相关作品
  • 出版社相关作品

书目信息

  • 表格格式
  • 工作单格式
  • 卡片格式
题名:
格桑花开在希望的原野
    
 
作者: 李建波 主编
分册:  
出版信息: 北京   九州出版社  2020.01
页数: 245页
开本: 24cm
丛书名:
单 册:
中图分类: G631.4
科图分类:
主题词: 民族团结--min zu tuan jie--爱国主义教育--高中
电子资源:
ISBN: 978-7-5108-8480-1
000 01079nam0 2200241 450
001 0104125625
005 20201104125712.0
010    @a978-7-5108-8480-1@dCNY49.80
100    @a20200611d2020 em y0chiy50 ea
101 0  @achi
102    @aCN@b110000
105    @aa z 000yy
106    @ar
200 1  @a格桑花开在希望的原野@Age sang hua kai zai xi wang de yuan ye@e北京师范大学燕化附属中学民族团结进步教育成果@f李建波主编
210    @a北京@c九州出版社@d2020.01
215    @a245页@c图, 照片@d24cm
330    @a本书收录了关于北师大燕化附中西藏内高班办学发展的短篇文章,见证着西藏孩子们的成长。全书共设五章,包括:民族希望教育的蓝色天空、西藏学子成长的希望原野、教育教学实践的科研探索、我们一起筑梦的北燕岁月、魂牵梦绕的那片土地。
517 1  @a北京师范大学燕化附属中学民族团结进步教育成果@Abei jing shi fan da xue yan hua fu shu zhong xue min zu tuan jie jin bu jiao yu cheng guo
606 0  @a民族团结@Amin zu tuan jie@x爱国主义教育@x高中
690    @aG631.4@v5
701  0 @a李建波@Ali jian bo@4主编
801  0 @aCN@bBJSZM@c20201104
905    @b1260651-5@dG631.4@e967@f5
    
    格桑花开在希望的原野:北京师范大学燕化附属中学民族团结进步教育成果/李建波主编.-北京:九州出版社,2020.01
    245页:图, 照片;24cm
    
    
    ISBN 978-7-5108-8480-1:CNY49.80
    本书收录了关于北师大燕化附中西藏内高班办学发展的短篇文章,见证着西藏孩子们的成长。全书共设五章,包括:民族希望教育的蓝色天空、西藏学子成长的希望原野、教育教学实践的科研探索、我们一起筑梦的北燕岁月、魂牵梦绕的那片土地。
●
相关链接 在E读中查询图书 在五车中查询图书 在当当中查询图书 在豆瓣中查询图书


正题名:格桑花开在希望的原野     索取号:G631.4/967         预约/预借

序号 登录号 条形码 馆藏地/架位号 状态 备注
1 1260651   212606517   第一样本阅览室/ [索取号:G631.4/967] 在馆    
2 1260652   212606526   教育系资料室/ [索取号:G631.4/967] 在馆    
3 1260653   212606535   教育系资料室/ [索取号:G631.4/967] 在馆    
4 1260654   212606544   第四借阅区/ [索取号:G631.4/967] 在馆    
5 1260655   212606553   第四借阅区/ [索取号:G631.4/967] 在馆    
唐山师范学院图书馆 欢迎您!
大连网信软件有限公司© 版权所有